000 01130nam a22002897a 4500
005 2009062707387.0
008 090627t xxu||||| |||| 00| 0 eng d
010 _aENG-94251
020 _a8183242731
_c495.00
020 _a9788183242738
_c495.00
035 _aEN-77784
037 _bDBAD / PUB
040 _adpl
_bEnglish
082 _a352.007220954
100 _aDutta, Subhabrata
245 _aDemocratic decentralization and grassroot leadership in India /
_cby Subhabrata Dutta
260 _aNew Delhi
_bMittal Publications
_c2009
270 _a4594/9, Daryaganj,
_bNew Delhi
_e110002
300 _axiv, 186p.
_c23cm(Hb)
500 _aIncludes bibliographical references and index
650 _aLocal government
_zIndia
650 _aDecentralization in government
_zIndia
650 _aPanchayat
_zIndia
650 _aRural development
_xGovernment policy
_zIndia
942 _2ddc
_cEN
_mDUT
_h352.007220954
999 _c27941
_d27941